Hebrew Lesson #15 Quiz Stats

 Plays Quiz not verified by Sporcle

Also try: Hebrew Lesson #14
Challenge
Share
Tweet
Embed
Score 0/25 Timer 06:00
0 Plays Today
% Correct
January
88.2%
Theater
82.3%
Tobacco
80.6%
Flag
76.3%
Purple
73.1%
China
72%
Below
71%
Color
68.8%
Astronaut
68.3%
Tower
66.1%
Bubble
61.8%
Cancer
61.3%
Bomb
60.8%
% Correct
Danger
55.4%
Wallet
54.3%
Comma
54.3%
Election
53.8%
Price
53.2%
Disease
51.1%
Choir
50%
Wizard
47.8%
Glove
45.7%
Skull
45.7%
Rocket
40.9%
Bracelet
40.3%

You're not logged in!

Compare scores with friends on all Sporcle quizzes.
Join for Free
OR
Log In

You Might Also Like...

Show Comments

Extras

Top Quizzes Today


Score Distribution

Your Account Isn't Verified!

In order to create a playlist on Sporcle, you need to verify the email address you used during registration. Go to your Sporcle Settings to finish the process.

Report this User

Report this user for behavior that violates our Community Guidelines.

Details: